Centenary issues (1940-1960) (Record no. 2569)
[ view plain ]
| 000 -LEADER | |
|---|---|
| fixed length control field | 00383nam a22000977a 4500 |
| 008 - FIXED-LENGTH DATA ELEMENTS--GENERAL INFORMATION | |
| fixed length control field | 171209b xxu||||| |||| 00| 0 eng d |
| 100 ## - MAIN ENTRY--AUTHOR'S NAME | |
| Author's Name | Zinsmeister, Marian |
| 245 ## - TITLE STATEMENT | |
| Title | Centenary issues (1940-1960) |
| 260 ## - PUBLICATION, DISTRIBUTION, ETC. (IMPRINT) | |
| Place of publication, distribution, etc. | Chicago |
| Name of publisher, distributor, etc. | The Society of Philatelic Americans |
| Date of publication, distribution, etc. | 1961 |
| 650 ## - TOPICAL TERM (Tag) | |
| Topical term or geographic name | Anniversaries of Issues | Commemorative Issues | 1940-1971 | Souvenir Sheets | 20th Century | Designs Production |
No items available.